Možnosti využitia online marketingu na propagáciu handmade portálov bakalárska práca

Saved in:
Bibliographic Details
Main Author: Kasakov, Mária
Corporate Author: Obchodná fakulta EU. Katedra informatiky obchodných firiem
Other Authors: Červenka, Peter, 1976-
Format: Book
Language:Slovak
Published: Bratislava 2021
Tags: Add Tag
No Tags, Be the first to tag this record!

MARC

LEADER 00000nbm a2200000 4500
001 0275960
005 20220127121802.2
041 0 |a slo 
044 |a SK 
245 1 0 |a Možnosti využitia online marketingu na propagáciu handmade portálov  |b bakalárska práca  |c Mária Kasakov ; školiteľ: Peter Červenka 
264 1 |a Bratislava  |c 2021 
300 |a 47 s. 
100 1 |a Kasakov, Mária 
700 1 |a Červenka, Peter, 1976- 
710 2 |a Obchodná fakulta EU. Katedra informatiky obchodných firiem